América del Sur: geografía económica y regional con un capítulo histórico

-д хадгалсан:
Номзүйн дэлгэрэнгүй
Үндсэн зохиолч: Shanahan, E. W (Зохиогч)
Формат: Ном
Хэл сонгох:испани
Хэвлэсэн: Barcelona Omega 1965
Хэвлэл:2a. ed
Нөхцлүүд:
Шошгууд: Шошго нэмэх
Шошго байхгүй, Энэхүү баримтыг шошголох эхний хүн болох!

MARC

LEADER 00000nam a2200000 a 4500
001 UCX3232
003 CL-VaPUC
008 911016e19650000SP |||||||||||||||||spa|d
082 0 4 |a 918  |b SHA  |2 21 
100 0 |a Shanahan, E. W  |e author  |9 319340 
245 1 0 |a América del Sur: geografía económica y regional con un capítulo histórico 
250 |a 2a. ed 
300 |a 381 p 
942 |c BK 
945 |d 19911016 00:00:00 
260 |a Barcelona  |b Omega  |c 1965 
650 0 |a Geografía histórica   |9 267532 
650 0 |a Mapas  |9 260844 
651 0 |a América del Sur  |9 260128 
583 |a last modification  |c 19911016 00:00:00  |k Rodrigo Vera 
999 |c 224039  |d 224037 
952 |0 0  |1 0  |4 0  |6 918_000000000000000_SHA_1965  |7 0  |8 A  |9 220411  |a BIBHIS  |b BIBHIS  |d 2019-11-15  |i 2891220  |o 918 SHA 1965  |p 2891220  |r 2025-01-20  |w 2019-11-15  |y BK  |k HIS